000
00268nam a22001097a 4500
041
_a
ENG
245
_a
Agricultural Wheeled Tractors - Rear - Mounted Three- Point Linkage
260
_a
New Delhi
_b
BIS
_c
1997
300
_a
13
650
_a
BIS Code
856
_u
BIS Code
999
_c
2064
_d
2064